| 000 | 00349cam a2200145ua 4500 | ||
|---|---|---|---|
| 041 |
_aeng _h |
||
| 082 |
_a539.5352 _bWIL/XR |
||
| 100 | _aWilson, A J C . | ||
| 245 |
_aX-ray optics / _cA J C Wilson. _hTextual Documents |
||
| 260 |
_aLondon : _bJohn Wiley & Sons , _c1962. |
||
| 300 | _a147 ; . | ||
| 504 | _a | ||
| 942 | _cBK | ||
| 999 |
_c9296 _d9296 |
||